answers with TH - Statistics

General Stats
  • This quiz has been taken 23 times
  • The average score is 12 of 15
Answer Stats
Hint Answer % Correct
Norse god of thunder thor
100%
the seat of a king throne
100%
Shakespearean English thee
95%
person who steals thief
95%
in need of water thirsty
95%
lighting and thunder
95%
Mediterranean herb thyme
91%
country is southeast asia Thailand
86%
London river Thames
86%
last name of british pm Thatcher
82%
on your hand thumb
77%
Shakespearean English thou
64%
amendment that abolished slavery thirteen
50%
the nazi party name third reich
27%
fear of dark vast ocean Thalassophobia
5%
No matching quizzes found
Score Distribution
Percent of People with Each Score
Percentile by Number Answered
Your Score History
You have not taken this quiz